[Event "Xtracon DM-klassen"]
[Site "Helsingor"]
[Date "2012.04.06"]
[Round "7"]
[White "Schandorff, Lars"]
[Black "Hansen, Sune Berg"]
[Result "1/2-1/2"]
[WhiteElo "2494"]
[BlackElo "2572"]

1. d4 Nf6 2. c4 e6 3. Nc3 Bb4 4. e3 O-O 5. Ne2 d5 6. a3 Bd6 7. Ng3 dxc4 8.
 Bxc4 c5 9. dxc5 Bxc5 10. O-O Nbd7 11. b4 Be7 12. Bb2 a5 13. Qb3 axb4 14. 
axb4 Rxa1 15. Rxa1 Nb6 16. Be2 Bd7 17. b5 Qb8 18. Nce4 Nbd5 19. Nxf6+ Nxf6
20. Rd1 Rd8 21. Bf3 Be8 22. Rxd8 Bxd8 23. Qb4 h6 24. Ne4 Nxe4 25. Bxe4 Bc7
26. g3 Bd6 27. Qc3 e5 28. b6 Bd7 29. Qd3 Bh3 30. Qd5 Be6 31. Qxb7 Qxb7 32.
 Bxb7 Bc5 33. Bxe5 Bxb6 34. Kg2 Bc5 35. Kf3 Bb4 36. Bd4 Be1 37. e4 Bd2 38.
 Bd5 Bd7 39. Ke2 Ba5 40. f4 g6 41. Kd3 Bb5+ 42. Bc4 Bd7 43. Ba6 Bc6 44. g4
Bc7 45. Ke3 g5 46. fxg5 hxg5 47. h3 Kh7 48. Bc4 Kg6 49. e5 Bb7 50. Bd3+ 
Kh6 51. Be4 Ba6 52. Bd3 Bb7 53. Be4 Ba6 54. Bc6 Bc4 55. Ke4 Kg6 56. Be8 
Be6 57. Bc5 Bd8 58. Bf8 Kh7 59. Bc6 f6 60. Bc5 Kg7 61. Bd4 fxe5 62. Bxe5+ 
Bf6 63. Bd5 1/2-1/2

[Event "Xtracon DM-klassen"]
[Site "Helsingor"]
[Date "2012.04.06"]
[Round "7"]
[White "Rasmussen, Allan Stig"]
[Black "Aagaard, Jacob"]
[Result "1-0"]
[WhiteElo "2505"]
[BlackElo "2522"]

1. d4 Nf6 2. c4 e6 3. g3 d5 4. Nf3 Be7 5. Bg2 O-O 6. O-O c5 7. cxd5 exd5 
8. Nc3 Nc6 9. Bg5 c4 10. Ne5 Be6 11. Nxc6 bxc6 12. b3 h6 13. Bxf6 Bxf6 14.
 bxc4 dxc4 15. e3 Qa5 16. Rc1 Rac8 17. Qa4 Qxa4 18. Nxa4 Be7 19. Nb2 Ba3 
20. Rc2 Bxb2 21. Rxb2 Rc7 22. Rc1 g5 23. Rd2 Rd8 24. h3 Kg7 25. g4 h5 26. 
gxh5 Kh6 27. Bf3 f5 28. Kh2 f4 29. e4 Rcd7 30. Bg4 Bxg4 31. hxg4 Rxd4 32. 
Rdc2 Rd2 33. Rxd2 Rxd2 34. Kg2 Rd4 35. e5 Re4 36. Kf3 Rxe5 37. Rxc4 c5 38.
 Re4 Rd5 39. Re6+ Kh7 40. Re7+ Kh6 41. Rc7 Rd6 42. Ke4 Rd4+ 43. Kf5 Rd5+ 
44. Ke6 Rd4 45. f3 c4 46. Rc6 Kh7 47. Kf6 Rd5 48. Rxc4 Kh6 49. Rc6 Ra5 50.
 a4 Kh7 51. Rd6 Kh6 52. Re6 a6 53. Rd6 Kh7 54. Rc6 Kh6 55. Re6 Rxa4 56. 
Kf5+ Kg7 57. Kxg5 a5 58. h6+ 1-0

[Event "Xtracon DM-klassen"]
[Site "Helsingor"]
[Date "2012.04.06"]
[Round "7"]
[White "Ziska, Helgi Dam"]
[Black "Carstensen, Jacob"]
[Result "1/2-1/2"]
[WhiteElo "2456"]
[BlackElo "2314"]

1. e4 c5 2. Nf3 d6 3. d4 cxd4 4. Nxd4 Nf6 5. Nc3 a6 6. Bg5 e6 7. f4 Nc6 8.
 Nxc6 bxc6 9. e5 h6 10. Bh4 g5 11. fxg5 Nd5 12. Ne4 Qb6 13. c3 dxe5 14. g6
fxg6 15. Qe2 Rb8 16. Rb1 Be7 17. Bf2 Qa5 18. Qc2 O-O 19. Bc4 Kg7 20. O-O 
c5 21. Rfe1 Bb7 22. Bf1 Qc7 23. b3 Rf5 24. Rbd1 Rbf8 25. Rd2 Nf6 26. Ng3 
Rxf2 27. Rxf2 c4 28. Kh1 cxb3 29. Qxb3 Bc5 30. Rb2 Rb8 31. Qd1 Ba7 32. Bd3
e4 33. Rxb7 Qxb7 34. Nxe4 Rf8 35. Nxf6 Rxf6 36. Rf1 Rxf1+ 37. Qxf1 a5 
1/2-1/2

[Event "Xtracon DM-klassen"]
[Site "Helsingor"]
[Date "2012.04.06"]
[Round "7"]
[White "Kristiansen, Jens"]
[Black "Pilgaard, Kim"]
[Result "1-0"]
[WhiteElo "2432"]
[BlackElo "2424"]

1. e4 c5 2. d3 Nc6 3. g3 g6 4. Bg2 Bg7 5. f4 d6 6. Nf3 e6 7. O-O Nge7 8. 
c3 O-O 9. Be3 b6 10. Na3 Ba6 11. Re1 e5 12. d4 exd4 13. cxd4 Nb4 14. Qb3 
Rc8 15. Rad1 Qc7 16. Bf2 Nec6 17. dxc5 dxc5 18. e5 Na5 19. Qa4 Nd3 20. Nb5
Bxb5 21. Qxb5 Nxe1 22. Rxe1 Nc6 23. Ng5 h6 24. Ne4 Nd4 25. Qd3 Rcd8 26. g4
Rd7 27. Qh3 Ne6 28. Qf3 Rfd8 29. Bh4 Rd3 30. Qf2 Rd1 31. Bxd8 Qxd8 32. f5 
Bxe5 33. fxe6 Bd4 34. exf7+ Kf8 35. Rxd1 Bxf2+ 36. Nxf2 1-0

[Event "Xtracon DM-klassen"]
[Site "Helsingor"]
[Date "2012.04.07"]
[Round "8"]
[White "Antonsen, Mikkel"]
[Black "Schandorff, Lars"]
[Result "1/2-1/2"]
[WhiteElo "2457"]
[BlackElo "2494"]

1. d4 Nf6 2. c4 g6 3. Nc3 d5 4. Nf3 Bg7 5. Qb3 dxc4 6. Qxc4 O-O 7. e4 a6 
8. Be2 b5 9. Qb3 c5 10. dxc5 Be6 11. Qc2 Nbd7 12. Be3 Rc8 13. Rd1 b4 14. 
Nd5 Bxd5 15. exd5 Nxc5 16. O-O Qd6 17. Rc1 Qb8 18. Rfd1 b3 19. Qb1 Qd6 20.
 axb3 Ng4 21. Bxc5 Rxc5 22. Bc4 Rfc8 23. h3 Ne5 24. Ng5 R5c7 25. Ne4 Qb6 
26. Qa2 a5 27. d6 exd6 28. Rxd6 Qb4 29. Ra6 Nxc4 30. bxc4 Rxc4 31. Rxc4 
Rxc4 32. Ra8+ Bf8 33. Nc3 Rc5 34. Qa1 Re5 35. Qc1 Qd6 36. g3 Kg7 37. Kh2 
Qc5 38. Qd2 Be7 39. Rb8 Qc7 40. Rb5 Rxb5 41. Nxb5 Qc5 42. Nc3 Qb4 43. Qc2 
Bf6 44. Na4 Bd4 45. b3 Qb7 46. Qd2 Qe4 47. Nb2 Bxb2 1/2-1/2

[Event "Xtracon DM-klassen"]
[Site "Helsingor"]
[Date "2012.04.07"]
[Round "8"]
[White "Hansen, Sune Berg"]
[Black "Rasmussen, Allan Stig"]
[Result "1/2-1/2"]
[WhiteElo "2572"]
[BlackElo "2505"]

1. d4 Nf6 2. c4 e6 3. Nc3 Bb4 4. e3 c5 5. Ne2 b6 6. a3 Ba5 7. Rb1 Na6 8. 
g3 Bb7 9. d5 b5 10. Bg2 bxc4 11. e4 O-O 12. O-O exd5 13. exd5 d6 14. Bg5 
h6 15. Bxf6 Qxf6 16. Qa4 Qd8 17. Qxc4 Nc7 18. b4 cxb4 19. axb4 1/2-1/2

[Event "Xtracon DM-klassen"]
[Site "Helsingor"]
[Date "2012.04.07"]
[Round "8"]
[White "Kristiansen, Jens"]
[Black "Pedersen, Christian Kyndel"]
[Result "0-1"]
[WhiteElo "2432"]
[BlackElo "2416"]

1. d4 Nf6 2. c4 e6 3. Nc3 Bb4 4. Bg5 h6 5. Bh4 c5 6. d5 Bxc3+ 7. bxc3 d6 
8. e3 e5 9. Qc2 Qe7 10. Nf3 Nbd7 11. Nd2 g5 12. Bg3 Nh5 13. Bd3 Ndf6 14. 
f3 Ng7 15. Bf2 Kd8 16. h4 g4 17. h5 gxf3 18. gxf3 Nfxh5 19. Bh4 f6 20. Bg6
Bd7 21. O-O-O Kc7 22. Rdg1 Rag8 23. Rg4 Qf8 24. Bf2 f5 25. Rgh4 Nf6 26. 
Nf1 h5 27. Ng3 Qc8 28. Qe2 Rh6 29. Bf7 Rf8 30. Nxh5 Rxf7 31. Nxg7 Rxh4 32.
 Bxh4 Qf8 33. Bxf6 Rxf6 34. Rg1 Qh8 35. f4 Rf7 36. Qg2 exf4 37. exf4 Re7 
38. Kb2 Qh6 39. Qg3 Re4 40. Rf1 Rxc4 41. Rf2 Re4 42. Qg5 Qh3 43. Rc2 Qd3 
44. c4 Qd4+ 45. Kb1 Re1+ 0-1

[Event "Xtracon DM-klassen"]
[Site "Helsingor"]
[Date "2012.04.07"]
[Round "8"]
[White "Aagaard, Jacob"]
[Black "Ziska, Helgi Dam"]
[Result "1/2-1/2"]
[WhiteElo "2522"]
[BlackElo "2456"]

1. e4 c5 2. Nf3 d6 3. d4 cxd4 4. Nxd4 Nf6 5. Nc3 a6 6. Be3 e6 7. f3 b5 8. 
Qd2 Nbd7 9. g4 h6 10. O-O-O b4 11. Nce2 Qc7 12. h4 d5 13. Bh3 Nb6 14. b3 
dxe4 15. g5 hxg5 16. hxg5 Nfd5 17. fxe4 Nxe3 18. Qxe3 g6 19. Nf4 e5 20. 
Bd7+ Bxd7 21. Rxh8 exf4 22. Qe2 Qe5 23. Rg8 a5 24. Kb1 Qc5 25. Nf5 O-O-O 
26. Qa6+ Kb8 27. Rxf8 Rxf8 28. Rd6 Bc6 29. Ne7 Bb7 30. Rxb6 Qg1+ 1/2-1/2

[Event "Xtracon DM-klassen"]
[Site "Helsingor"]
[Date "2012.04.07"]
[Round "8"]
[White "Pilgaard, Kim"]
[Black "Carstensen, Jacob"]
[Result "1/2-1/2"]
[WhiteElo "2424"]
[BlackElo "2314"]

1. e4 c5 2. Nf3 d6 3. Nc3 Nf6 4. d4 cxd4 5. Nxd4 a6 6. Be3 e5 7. Nf3 Be7 
8. Bc4 O-O 9. O-O Nc6 10. Re1 b5 11. Bf1 h6 12. a4 b4 13. Nd5 Nxd5 14. 
exd5 1/2-1/2

[Event "Xtracon DM-klassen"]
[Site "Helsingor"]
[Date "2012.04.08"]
[Round "9"]
[White "Pedersen, Christian Kyndel"]
[Black "Pilgaard, Kim"]
[Result "0-1"]
[WhiteElo "2416"]
[BlackElo "2424"]

1. e4 e5 2. Nf3 Nc6 3. Bc4 Nf6 4. d3 Be7 5. O-O O-O 6. Bb3 d6 7. c3 Na5 8.
 Bc2 c5 9. a3 Nc6 10. b4 a6 11. h3 h6 12. Be3 Be6 13. Re1 Qc7 14. Nbd2 
cxb4 15. axb4 d5 16. d4 Rac8 17. Nxe5 Nxb4 18. exd5 Nfxd5 19. c4 Nxe3 20. 
fxe3 Nxc2 21. Qxc2 Bd6 22. Nef3 Bxc4 23. Qxc4 Qxc4 24. Nxc4 Rxc4 25. Reb1 
Rc7 26. Rb6 Bg3 27. Nd2 Re7 28. Rb3 Rc8 29. Nf1 Bd6 30. Ra2 Rc6 31. Nd2 b5
32. Kf2 Bc7 33. Ke2 f5 34. Kd3 Rce6 35. Nf1 f4 36. exf4 Bxf4 37. Rf2 Bd6 
38. Rf5 g6 39. Rf2 Kg7 40. Ra2 Bf4 41. Rf2 Bg5 42. Rf3 Re1 43. Rb2 Rd1+ 
44. Nd2 Rf7 45. Re3 Rf2 0-1

[Event "Xtracon DM-klassen"]
[Site "Helsingor"]
[Date "2012.04.08"]
[Round "9"]
[White "Ziska, Helgi Dam"]
[Black "Hansen, Sune Berg"]
[Result "0-1"]
[WhiteElo "2456"]
[BlackElo "2572"]

1. e4 e5 2. Nf3 Nc6 3. Bb5 a6 4. Ba4 Nf6 5. O-O Be7 6. d3 b5 7. Bb3 d6 8. 
a4 Bd7 9. c3 O-O 10. Re1 Na5 11. Bc2 c5 12. Nbd2 h6 13. h3 Re8 14. d4 Qc7 
15. Nf1 Bf8 16. d5 c4 17. axb5 axb5 18. Be3 Nb7 19. Qd2 Nc5 20. Ng3 Kh7 
21. Nh4 g6 22. Rxa8 Rxa8 23. f4 Ra2 24. Bb1 Ra1 25. fxe5 dxe5 26. Qf2 Be7 
27. Nf3 Be8 28. Nxe5 Rxb1 29. Rxb1 Qxe5 30. Bf4 Nfxe4 31. Nxe4 Qf5 32. Nd2
Nd3 33. Qe2 Bc5+ 34. Be3 Qxd5 35. Rf1 Qe5 36. Rf3 Bc6 37. Nf1 Bxf3 38. 
Qxf3 Kg7 39. Qe2 Bxe3+ 40. Nxe3 Nxb2 41. Qd2 Nd3 42. Ng4 Qf4 0-1

[Event "Xtracon DM-klassen"]
[Site "Helsingor"]
[Date "2012.04.08"]
[Round "9"]
[White "Schandorff, Lars"]
[Black "Kristiansen, Jens"]
[Result "1-0"]
[WhiteElo "2494"]
[BlackElo "2432"]

1. d4 f5 2. Bg5 g6 3. Nc3 Bg7 4. h4 Nc6 5. Nf3 h6 6. Bf4 d6 7. e4 Nf6 8. 
e5 Ng4 9. Bb5 O-O 10. Qe2 Nxd4 11. Nxd4 dxe5 12. Nf3 Qd6 13. Rd1 Qb4 14. 
Qc4+ Qxc4 15. Bxc4+ Kh8 16. Bc1 c6 17. a4 e4 18. Nh2 Ne5 19. Be2 Be6 20. 
f3 exf3 21. Nxf3 Nxf3+ 22. gxf3 Rad8 23. Kf2 a6 24. a5 Kh7 25. Rxd8 Rxd8 
26. Rd1 Rxd1 27. Nxd1 Bf6 28. Kg3 Bc8 29. Bd2 Be5+ 30. Kg2 Bf6 31. Kg3 
Be5+ 32. Kg2 Bf6 33. Be1 Be6 34. b3 Bc8 35. Ne3 Kg7 36. Nc4 g5 37. Nb6 Be6
38. Na4 Bc8 39. Bc4 f4 40. Nc5 e5 41. Ne4 Bf5 42. Nd6 Bxc2 43. Ne8+ Kg6 
44. h5+ 1-0

[Event "Xtracon DM-klassen"]
[Site "Helsingor"]
[Date "2012.04.08"]
[Round "9"]
[White "Carstensen, Jacob"]
[Black "Aagaard, Jacob"]
[Result "1/2-1/2"]
[WhiteElo "2314"]
[BlackElo "2522"]

1. d4 Nf6 2. c4 e6 3. Nf3 Nc6 4. a3 d6 5. Nc3 g6 6. g3 Bg7 7. Bg2 O-O 8. 
O-O a6 9. d5 Ne7 10. e4 b5 11. e5 dxe5 12. Nxe5 Rb8 13. dxe6 Bxe6 14. Qe2 
c6 1/2-1/2

[Event "Xtracon DM-klassen"]
[Site "Helsingor"]
[Date "2012.04.08"]
[Round "9"]
[White "Rasmussen, Allan Stig"]
[Black "Antonsen, Mikkel"]
[Result "1/2-1/2"]
[WhiteElo "2505"]
[BlackElo "2457"]

1. b3 d5 2. Bb2 Bg4 3. h3 Bh5 4. d3 Nd7 5. g4 Bg6 6. Bg2 e6 7. h4 h5 8. g5
c6 9. Nd2 e5 10. e4 dxe4 11. dxe4 Qa5 12. a3 Ne7 13. Qe2 Nc8 14. Bh3 Qc7 
15. O-O-O Ncb6 16. Ngf3 Rd8 17. Kb1 Bd6 18. Nf1 a5 19. a4 Nc5 20. Ng3 O-O 
21. Nd2 Nbxa4 22. bxa4 Nxa4 23. Ba1 Qb6+ 24. Nb3 Nc5 25. Ka2 Nxb3 26. cxb3
a4 27. Rd3 axb3+ 28. Kb1 Bc5 29. Rhd1 Ra8 30. Bb2 Qa6 31. Rxb3 Qxe2 32. 
Nxe2 Bxe4+ 33. Kc1 Bxf2 34. Bxe5 Rfe8 35. Rf1 Bd5 36. Rxf2 Bxb3 37. Bb2 
Rad8 38. Bc3 Re3 39. Bf1 Bc4 40. Kc2 Bd3+ 41. Kb2 b5 42. Ba5 Rd7 43. Bb6 
Re4 44. Nf4 Bxf1 45. Rxf1 g6 46. Kb3 Rd2 47. Rf3 Rc4 48. Bf2 Rcc2 49. Bd4 
Rc4 50. Bc3 Rd8 51. Nd3 Re8 52. Be1 Rce4 53. Bf2 Rd8 54. Nc5 Re5 55. Be3 
f5 56. gxf6 Kf7 57. Kc3 Rdd5 58. Nd3 Rf5 59. Rg3 Rxf6 60. Nc5 Rf1 61. Ne4 
Re5 62. Kd4 Rd5+ 63. Kc3 Re5 64. Kd4 Re7 65. Nd6+ Kg7 66. Kc5 Kh7 67. Kxc6
b4 68. Bg5 Ra7 69. Nc4 Rb1 70. Kb6 Rf7 71. Rd3 Rf5 72. Rd7+ Kg8 73. Nd6 
Rd1 74. Kc6 Rfd5 75. Rd8+ Kh7 76. Rd7+ Kg8 77. Rd8+ Kh7 78. Rd7+ Kg8 79. 
Rd8+ 1/2-1/2